[Event "BOL-ch"]
[Site "Oruro"]
[Date "2024.04.03"]
[Round "2"]
[White "Gemy Vargas, Jose Daniel"]
[Black "Montevilla Cahuasa, Jonathan Isaac"]
[Result "1-0"]
[WhiteElo "2317"]
[BlackElo "1974"]
[PlyCount "73"]
[EventDate "2024.04.02"]
[EventType "tourn"]
[EventRounds "9"]
[EventCountry "BOL"]
[SourceTitle "CB16_2024"]
[SourceDate "2024.04.17"]
[SourceVersion "1"]
[SourceVersionDate "2024.04.17"]
[SourceQuality "1"]

1. Nf3 Nf6 2. g3 g6 3. Bg2 Bg7 4. 0-0 0-0 5. c3 d6 6. d3 c5 7. d4 Nc6 8. dxc5 dxc5 9. Be3 Qa5 10. Nbd2 Ng4 11. Bg5 h6 12. Nb3 Qc7 13. Bd2 c4 14. Nbd4 Nxd4 15. cxd4 Nf6 16. Qc1 Kh7 17. b3 Be6 18. Ne5 Rad8 19. e3 b5 20. a4 Bd5 21. axb5 Bxg2 22. Kxg2 Qb7+ 23. Nc6 cxb3 24. Rxa7 Qxb5 25. Nxd8 b2 26. Qc2 Rxd8 27. Rb1 Qd5+ 28. f3 Qb5 29. Kf2 Qh5 30. h4 Rd5 31. Kg2 Rf5 32. Qd1 Rb5 33. Ra2 e5 34. Raxb2 Rd5 35. dxe5 Qxe5 36. Qe2 Nh5 37. Be1 1-0

[Event "Santa Cruz op 8th"]
[Site "Santa Cruz"]
[Date "2024.01.13"]
[Round "5"]
[White "Bolanos, Fernando"]
[Black "Montevilla Cahuasa, Jonathan Isaac"]
[Result "1/2-1/2"]
[WhiteElo "2207"]
[BlackElo "1848"]
[PlyCount "49"]
[EventDate "2024.01.11"]
[EventType "swiss"]
[EventRounds "7"]
[EventCountry "BOL"]
[SourceTitle "CB04_2024"]
[SourceDate "2023.10.16"]
[SourceVersion "1"]
[SourceVersionDate "2023.10.16"]
[SourceQuality "1"]

1. e4 c5 2. Nf3 Nc6 3. d4 cxd4 4. Nxd4 e5 5. Nb5 a6 6. Nd6+ Bxd6 7. Qxd6 Qf6 8. Qd2 Qg6 9. Nc3 Nge7 10. Qg5 d5 11. exd5 Nb4 12. Bd3 Nxd3+ 13. cxd3 Bf5 14. 0-0 Qxg5 15. Bxg5 f6 16. Be3 Rd8 17. d4 Nxd5 18. Nxd5 Rxd5 19. dxe5 Rxe5 20. Rac1 0-0 21. Rfd1 Be4 22. Rc7 Bc6 23. h3 Rfe8 24. Rd4 R5e7 25. Rxe7 1/2-1/2

[Event "Santa Cruz op 8th"]
[Site "Santa Cruz"]
[Date "2024.01.12"]
[Round "3"]
[White "Salazar Salinas, Maria Jose"]
[Black "Montevilla Cahuasa, Jonathan Isaac"]
[Result "0-1"]
[WhiteElo "1263"]
[BlackElo "1848"]
[PlyCount "106"]
[EventDate "2024.01.11"]
[EventType "swiss"]
[EventRounds "7"]
[EventCountry "BOL"]
[SourceTitle "CB04_2024"]
[SourceDate "2023.10.16"]
[SourceVersion "1"]
[SourceVersionDate "2023.10.16"]
[SourceQuality "1"]

1. e4 c5 2. Nf3 g6 3. c3 d5 4. Bb5+ Bd7 5. Bxd7+ Qxd7 6. exd5 Qxd5 7. 0-0 Nf6 8. d4 cxd4 9. Nxd4 Bg7 10. Qa4+ Nbd7 11. Qb5 0-0 12. Qxd5 Nxd5 13. Nd2 N7b6 14. N2f3 e5 15. Nb3 Nc4 16. Nbd2 Ncb6 17. Re1 Rfe8 18. Nf1 Rac8 19. Ng3 f5 20. Rb1 Nc4 21. Nd2 Ncb6 22. Nf3 a5 23. h4 a4 24. a3 Nc4 25. h5 Na5 26. hxg6 hxg6 27. Nh4 Kf7 28. Nhxf5 gxf5 29. Nxf5 Bf8 30. Be3 Nxe3 31. Rxe3 Nc4 32. Ree1 Kf6 33. Ne3 Nxe3 34. Rxe3 Rcd8 35. Rbe1 Rd2 36. R3e2 Rxe2 37. Rxe2 Rd8 38. Kf1 Rd1+ 39. Re1 Rxe1+ 40. Kxe1 Ke6 41. g3 Kd5 42. f4 exf4 43. gxf4 Bh6 44. Kd2 Kc4 45. Kc2 Bxf4 46. Kb1 Kb3 47. c4 Kxc4 48. Kc2 b5 49. Kb1 Kb3 50. Ka1 Be5 51. Kb1 Bf6 52. Ka1 Bxb2+ 53. Kb1 b4 0-1

[Event "Santa Cruz op 8th"]
[Site "Santa Cruz"]
[Date "2024.01.11"]
[Round "2"]
[White "Montevilla Cahuasa, Jonathan Isaac"]
[Black "Salazar Contreras, Liz Mariela"]
[Result "1-0"]
[WhiteElo "1848"]
[BlackElo "1419"]
[PlyCount "57"]
[EventDate "2024.01.11"]
[EventType "swiss"]
[EventRounds "7"]
[EventCountry "BOL"]
[SourceTitle "CB04_2024"]
[SourceDate "2023.10.16"]
[SourceVersion "1"]
[SourceVersionDate "2023.10.16"]
[SourceQuality "1"]

1. e4 g6 2. d4 Bg7 3. Nc3 d6 4. Be3 Nf6 5. h3 b6 6. Nf3 Bb7 7. d5 c6 8. Qd2 cxd5 9. exd5 Nbd7 10. Rd1 0-0 11. Bh6 Nc5 12. Bxg7 Kxg7 13. Be2 Rc8 14. 0-0 a6 15. a4 Rc7 16. Rfe1 Qa8 17. Bf1 Qe8 18. Qd4 Qd7 19. Re3 Qf5 20. b4 Ncd7 21. Rxe7 Qxc2 22. Rd3 Rfc8 23. Rxd7 Rxd7 24. Ne4 Qxa4 25. Nxf6 Rdc7 26. Ne8+ Kf8 27. Qh8+ Ke7 28. Re3+ Kd7 29. Nf6# 1-0

[Event "Santa Cruz op 8th"]
[Site "Santa Cruz"]
[Date "2024.01.11"]
[Round "1"]
[White "Rivas Ramos, Ivan"]
[Black "Montevilla Cahuasa, Jonathan Isaac"]
[Result "0-1"]
[WhiteElo "1115"]
[BlackElo "1848"]
[PlyCount "72"]
[EventDate "2024.01.11"]
[EventType "swiss"]
[EventRounds "7"]
[EventCountry "BOL"]
[SourceTitle "CB04_2024"]
[SourceDate "2023.10.16"]
[SourceVersion "1"]
[SourceVersionDate "2023.10.16"]
[SourceQuality "1"]

1. d4 Nf6 2. Bf4 c5 3. c3 Nd5 4. Bxb8 Rxb8 5. dxc5 Nf6 6. Nf3 g6 7. g3 Bg7 8. Bg2 0-0 9. Nbd2 Qc7 10. 0-0 Qxc5 11. Nb3 Qc7 12. Qc2 d5 13. Rfd1 Rd8 14. e3 e5 15. c4 Bf5 16. Qc3 Ne4 17. Qe1 dxc4 18. Nbd2 Nd6 19. Rac1 b5 20. b3 c3 21. Nf1 b4 22. Nh4 Be6 23. e4 Nb5 24. Ne3 Nd4 25. Nf3 Qa5 26. Ra1 Bh6 27. Nxd4 exd4 28. Nc4 Bxc4 29. bxc4 d3 30. f4 c2 31. Rd2 Bg7 32. e5 Qc5+ 33. Kh1 Qxc4 34. Rc1 Qxa2 35. Ra1 b3 36. Rxa2 bxa2 0-1

[Event "Sucre op 7th"]
[Site "Sucre"]
[Date "2023.12.09"]
[Round "6"]
[White "Montevilla Cahuasa, Jonathan Isaac"]
[Black "Bolanos, Fernando"]
[Result "1-0"]
[WhiteElo "1798"]
[BlackElo "2244"]
[PlyCount "37"]
[EventDate "2023.12.07"]
[EventType "swiss"]
[EventRounds "7"]
[EventCountry "BOL"]
[SourceTitle "CB51_2023"]
[SourceDate "2023.12.20"]
[SourceVersion "1"]
[SourceVersionDate "2023.12.20"]
[SourceQuality "1"]

1. d4 d5 2. c4 e6 3. Nf3 Nf6 4. g3 Be7 5. Bg2 0-0 6. 0-0 c6 7. Qc2 b6 8. Nbd2 Bb7 9. e4 Na6 10. a3 c5 11. exd5 exd5 12. Rd1 Rc8 13. Qf5 dxc4 14. Nxc4 Bxf3 15. Bxf3 cxd4 16. Ne5 Nc5 17. Nc6 Qe8 18. Qxc8 Qxc8 19. Nxe7+ 1-0

[Event "Sucre op 7th"]
[Site "Sucre"]
[Date "2023.12.09"]
[Round "5"]
[White "Montevilla Cahuasa, Jonathan Isaac"]
[Black "Cuentas Molina, Adrian"]
[Result "1-0"]
[WhiteElo "1798"]
[BlackElo "1379"]
[PlyCount "63"]
[EventDate "2023.12.07"]
[EventType "swiss"]
[EventRounds "7"]
[EventCountry "BOL"]
[SourceTitle "CB51_2023"]
[SourceDate "2023.12.20"]
[SourceVersion "1"]
[SourceVersionDate "2023.12.20"]
[SourceQuality "1"]

1. d4 Nf6 2. Nf3 c5 3. d5 e6 4. c4 b5 5. dxe6 fxe6 6. cxb5 a6 7. bxa6 Nc6 8. e3 Qb6 9. Be2 Bxa6 10. 0-0 Be7 11. Nc3 Bxe2 12. Qxe2 0-0 13. Rd1 d5 14. b3 Ne4 15. Nxe4 dxe4 16. Nd2 Bf6 17. Nc4 Qc7 18. Bb2 Nb4 19. Bxf6 Rxf6 20. Nd6 Rh6 21. h3 Rh4 22. Qc4 Qe7 23. Nf5 Qf6 24. Nxh4 Rf8 25. Qxe4 Qxf2+ 26. Kh1 Qe2 27. Qxe6+ Kh8 28. Qe7 Kg8 29. Rd7 Qb2 30. Rad1 Nc6 31. Qe6+ Kh8 32. Qxc6 1-0

[Event "Sucre op 7th"]
[Site "Sucre"]
[Date "2023.12.08"]
[Round "4"]
[White "Montevilla Cahuasa, Sebastian"]
[Black "Montevilla Cahuasa, Jonathan Isaac"]
[Result "1/2-1/2"]
[WhiteElo "1431"]
[BlackElo "1798"]
[PlyCount "101"]
[EventDate "2023.12.07"]
[EventType "swiss"]
[EventRounds "7"]
[EventCountry "BOL"]
[SourceTitle "CB51_2023"]
[SourceDate "2023.12.20"]
[SourceVersion "1"]
[SourceVersionDate "2023.12.20"]
[SourceQuality "1"]

1. e4 g6 2. d4 Bg7 3. Nf3 d6 4. Nc3 a6 5. Bc4 b5 6. Bb3 Bb7 7. a3 Nd7 8. 0-0 Ngf6 9. Re1 e5 10. dxe5 dxe5 11. Nd5 0-0 12. Bg5 h6 13. Bxf6 Bxf6 14. Nxf6+ Nxf6 15. Qxd8 Raxd8 16. Nxe5 Nxe4 17. Nxg6 Rfe8 18. Nf4 c5 19. c3 Rd2 20. f3 c4 21. Ba2 Nf6 22. Rxe8+ Nxe8 23. Re1 Nd6 24. Re2 Rd1+ 25. Kf2 Ra1 26. b3 cxb3 27. Bxb3 Rxa3 28. Rb2 a5 29. c4 a4 30. Ba2 b4 31. c5 b3 32. Bxb3 Rxb3 33. Rxb3 axb3 34. cxd6 b2 35. d7 b1Q 36. d8Q+ Kh7 37. Qd3+ Qxd3 38. Nxd3 Kg7 39. Kg3 Ba6 40. Nc5 Bc4 41. h4 Kg6 42. Kf4 h5 43. g3 Bd5 44. g4 f6 45. Nd7 Bc6 46. gxh5+ Kxh5 47. Nxf6+ Kxh4 48. Ne4 Kh5 49. Ke5 Kg6 50. f4 Bxe4 51. Kxe4 1/2-1/2

[Event "Oruro Baptista Memorial"]
[Site "Oruro"]
[Date "2023.11.05"]
[Round "9"]
[White "Huanca, Edson"]
[Black "Montevilla Cahuasa, Jonathan Isaac"]
[Result "0-1"]
[WhiteElo "1980"]
[BlackElo "1717"]
[PlyCount "98"]
[EventDate "2023.11.01"]
[EventType "swiss"]
[EventRounds "9"]
[EventCountry "BOL"]
[SourceTitle "Mega2024 Update 01"]
[Source "Chessbase"]
[SourceDate "2023.11.12"]
[SourceVersion "1"]
[SourceVersionDate "2023.11.12"]
[SourceQuality "1"]

1. e4 c5 2. Ne2 Nc6 3. g3 g6 4. Bg2 Bg7 5. d3 d6 6. 0-0 e6 7. f4 Nge7 8. h3 0-0 9. g4 f5 10. Ng3 Rb8 11. Nd2 Qc7 12. Nf3 b5 13. Kh2 a5 14. Rb1 b4 15. gxf5 exf5 16. h4 a4 17. h5 Nd4 18. hxg6 hxg6 19. Ng5 Bf6 20. exf5 Bxg5 21. fxg5 Nexf5 22. Bf4 Nxg3 23. Bxg3 Be6 24. Ra1 Qd7 25. c3 Bg4 26. Qd2 Qh7+ 27. Kg1 Ne2+ 28. Qxe2 Bxe2 29. Bd5+ Kh8 30. Bxd6 Qh5 31. Rxf8+ Rxf8 32. Bxf8 Qxg5+ 33. Kf2 Qxd5 34. Kxe2 Kg8 35. Rf1 Qxa2 36. Bxc5 Qxb2+ 37. Ke3 Qxc3 38. Bd4 Qc6 39. Rf6 Qe8+ 40. Kd2 b3 41. Rb6 Kh7 42. Bf6 Qf8 43. d4 a3 44. Be5 b2 45. Rb7+ Kh6 46. d5 Qf2+ 47. Kd3 b1Q+ 48. Rxb1 Qf5+ 49. Kc4 Qxb1 0-1

[Event "Cochabamba GP op 4th"]
[Site "Cochabamba"]
[Date "2023.09.09"]
[Round "6"]
[White "Fernandez Conni, Isaac Paulo"]
[Black "Montevilla Cahuasa, Jonathan Isaac"]
[Result "1/2-1/2"]
[WhiteElo "1532"]
[BlackElo "1739"]
[PlyCount "73"]
[EventDate "2023.09.07"]
[EventType "swiss"]
[EventRounds "7"]
[EventCountry "BOL"]
[SourceTitle "EXT 2024"]
[Source "ChessBase"]
[SourceDate "2023.10.10"]
[SourceVersion "1"]
[SourceVersionDate "2023.10.10"]
[SourceQuality "1"]

1. e4 c5 2. Nf3 Nc6 3. d4 cxd4 4. Nxd4 g6 5. c4 Bg7 6. Be3 Nf6 7. Nc3 d6 8. Be2 0-0 9. 0-0 Nxd4 10. Bxd4 Bd7 11. f3 a5 12. Rc1 Be6 13. Qd2 Nd7 14. Rfd1 Bxd4+ 15. Qxd4 Qb6 16. Qxb6 Nxb6 17. Nd5 Bxd5 18. exd5 Nd7 19. Rc3 Nc5 20. b3 Ra6 21. f4 f5 22. Re3 Rf7 23. Bd3 Rb6 24. Bc2 Kg7 25. Rde1 Kf8 26. h3 a4 27. Kh2 axb3 28. axb3 Rb4 29. Kg3 b5 30. Rc3 Ke8 31. Ra1 Rf8 32. Ra5 bxc4 33. Rxc4 Rxc4 34. bxc4 Kf7 35. Ba4 Rb8 36. Bb5 Rc8 37. Kf2 1/2-1/2

[Event "Cochabamba GP op 4th"]
[Site "Cochabamba"]
[Date "2023.09.07"]
[Round "2"]
[White "Montevilla Cahuasa, Sebastian"]
[Black "Montevilla Cahuasa, Jonathan Isaac"]
[Result "0-1"]
[WhiteElo "1399"]
[BlackElo "1739"]
[PlyCount "132"]
[EventDate "2023.09.07"]
[EventType "swiss"]
[EventRounds "7"]
[EventCountry "BOL"]
[SourceTitle "EXT 2024"]
[Source "ChessBase"]
[SourceDate "2023.10.10"]
[SourceVersion "1"]
[SourceVersionDate "2023.10.10"]
[SourceQuality "1"]

1. e4 c5 2. Nf3 e6 3. Nc3 Nc6 4. d4 cxd4 5. Nxd4 Qc7 6. Ndb5 Qb8 7. g3 a6 8. Nd4 Nf6 9. Bg2 Bb4 10. 0-0 0-0 11. Bg5 Be7 12. Nxc6 bxc6 13. Rb1 d5 14. Qd2 Rd8 15. exd5 cxd5 16. Rfe1 Bb7 17. Bf4 Qa7 18. Na4 Rac8 19. Be5 Ne4 20. Qe2 Bc6 21. Nc3 Nxc3 22. bxc3 Bb5 23. Qg4 Bf8 24. Bd4 Qe7 25. f4 Ba4 26. Rb2 Rxc3 27. f5 exf5 28. Rxe7 fxg4 29. Bxc3 Bxe7 30. Ba5 Bc5+ 31. Kh1 Rf8 32. Bxd5 h5 33. c3 Bd1 34. Rd2 Bf3+ 35. Bxf3 gxf3 36. Bb4 Bxb4 37. cxb4 Rb8 38. a3 a5 39. Rb2 axb4 40. Rxb4 Rc8 41. Kg1 Rc1+ 42. Kf2 Rc2+ 43. Kg1 Rg2+ 44. Kh1 Ra2 45. Kg1 Rxa3 46. Rh4 g6 47. Kf2 Kg7 48. h3 f6 49. Rf4 g5 50. Rxf3 Rxf3+ 51. Kxf3 f5 52. g4 hxg4+ 53. hxg4 f4 54. Ke4 Kf6 55. Kd4 Ke7 56. Ke4 Ke6 57. Kd4 Kd6 58. Ke4 Kc5 59. Kf5 f3 60. Kxg5 f2 61. Kg6 f1Q 62. g5 Kd6 63. Kg7 Ke7 64. g6 Qf8+ 65. Kh7 Kf6 66. g7 Qxg7# 0-1

[Event "La Paz Casa Argentina op"]
[Site "La Paz"]
[Date "2023.07.08"]
[Round "5"]
[White "Montevilla Cahuasa, Jonathan Isaac"]
[Black "Martinez, Ariel A"]
[Result "0-1"]
[WhiteElo "1796"]
[BlackElo "2156"]
[PlyCount "92"]
[EventDate "2023.07.06"]
[EventType "swiss"]
[EventRounds "7"]
[EventCountry "BOL"]
[SourceTitle "CBM 215 Extra"]
[Source "ChessBase"]
[SourceDate "2023.09.30"]
[SourceVersion "1"]
[SourceVersionDate "2023.09.30"]
[SourceQuality "1"]

1. e4 c5 2. Nf3 g6 3. c3 Bg7 4. d4 cxd4 5. cxd4 d5 6. e5 Nh6 7. h3 Nc6 8. Bb5 0-0 9. 0-0 Bf5 10. Nbd2 Be4 11. Bxc6 bxc6 12. Nb3 f6 13. exf6 exf6 14. Nc5 Qd6 15. Nd2 Rae8 16. Ndxe4 dxe4 17. Qb3+ Kh8 18. Bxh6 Bxh6 19. Rfe1 Qd5 20. Rad1 f5 21. Qxd5 cxd5 22. b4 Rf7 23. b5 Rc7 24. Re2 Bf8 25. Rc2 Rec8 26. Rdc1 Bg7 27. Rd1 Bxd4 28. Rxd4 Rxc5 29. Rb2 Rb8 30. a4 Kg7 31. Rbd2 Rd8 32. Kf1 Kf6 33. g3 Ke5 34. Ke2 g5 35. f3 Rc3 36. f4+ gxf4 37. gxf4+ Kxf4 38. Rxd5 Rxd5 39. Rxd5 Ra3 40. Rd7 Rxa4 41. Rxh7 Ra2+ 42. Kd1 e3 43. Re7 Kf3 44. h4 e2+ 45. Ke1 Ra1+ 46. Kd2 Rd1+ 0-1

[Event "La Paz Casa Argentina op"]
[Site "La Paz"]
[Date "2023.07.07"]
[Round "3"]
[White "Montevilla Cahuasa, Jonathan Isaac"]
[Black "Yujra Paredez, Ignacio Tadeo"]
[Result "1-0"]
[WhiteElo "1796"]
[BlackElo "1553"]
[PlyCount "83"]
[EventDate "2023.07.06"]
[EventType "swiss"]
[EventRounds "7"]
[EventCountry "BOL"]
[SourceTitle "CBM 215 Extra"]
[Source "ChessBase"]
[SourceDate "2023.09.30"]
[SourceVersion "1"]
[SourceVersionDate "2023.09.30"]
[SourceQuality "1"]

1. d4 Nf6 2. Nf3 c5 3. d5 b5 4. Bg5 Bb7 5. Bxf6 gxf6 6. e4 a6 7. a4 Bg7 8. c3 Qb6 9. Na3 c4 10. Nd4 e5 11. dxe6 fxe6 12. axb5 Bxe4 13. Nxc4 Qc5 14. Nb3 Qd5 15. Qxd5 exd5 16. Nd6+ Ke7 17. Nxe4 dxe4 18. bxa6 Nc6 19. Bb5 Rhb8 20. Bxc6 dxc6 21. Nd4 Rxb2 22. 0-0 Rb6 23. a7 c5 24. Nf5+ Kf8 25. Ra3 Rb7 26. Rfa1 Kg8 27. Nd6 Rb6 28. Nc4 Rb7 29. Ra6 f5 30. Nb6 Raxa7 31. Rxa7 Rxb6 32. Rc7 Bf8 33. g3 Re6 34. Ra8 Rf6 35. Rxc5 f4 36. Rcc8 fxg3 37. hxg3 h5 38. Kf1 Kg7 39. Rxf8 Rxf8 40. Rxf8 Kxf8 41. Ke2 Ke7 42. Ke3 1-0

[Event "Tarija op"]
[Site "Tarija"]
[Date "2023.04.08"]
[Round "5"]
[White "Velarde Alarcon, Jhoana"]
[Black "Montevilla Cahuasa, Jonathan Isaac"]
[Result "0-1"]
[WhiteElo "1353"]
[BlackElo "1825"]
[PlyCount "62"]
[EventDate "2023.04.06"]
[EventType "swiss"]
[EventRounds "7"]
[EventCountry "BOL"]
[SourceTitle "EXT 2024"]
[Source "ChessBase"]
[SourceDate "2023.10.10"]
[SourceVersion "1"]
[SourceVersionDate "2023.10.10"]
[SourceQuality "1"]

1. e4 c5 2. Nf3 Nc6 3. d4 cxd4 4. Nxd4 Nf6 5. f3 e6 6. a3 Bc5 7. Nxc6 bxc6 8. Bd3 e5 9. Qe2 0-0 10. Nc3 Rb8 11. f4 exf4 12. Bxf4 Rxb2 13. Kd1 Bd4 14. e5 Bxc3 15. exf6 Bxf6 16. Re1 d5 17. Bd2 Rb7 18. Rc1 Re7 19. Bxh7+ Kxh7 20. Qh5+ Kg8 21. Rf1 Re4 22. h3 Ba6 23. Re1 Rfe8 24. g4 Qe7 25. c3 Bd3 26. Be3 Rxe3 27. Kd2 Bg5 28. c4 d4 29. Qxg5 Re2+ 30. Kd1 Rxe1+ 31. Kd2 Qe2# 0-1

[Event "Tarija op"]
[Site "Tarija"]
[Date "2023.04.07"]
[Round "4"]
[White "Montevilla Cahuasa, Jonathan Isaac"]
[Black "Bracamonte, Humberto"]
[Result "0-1"]
[WhiteElo "1825"]
[BlackElo "1604"]
[PlyCount "106"]
[EventDate "2023.04.06"]
[EventType "swiss"]
[EventRounds "7"]
[EventCountry "BOL"]
[SourceTitle "EXT 2024"]
[Source "ChessBase"]
[SourceDate "2023.10.10"]
[SourceVersion "1"]
[SourceVersionDate "2023.10.10"]
[SourceQuality "1"]

1. d4 Nf6 2. Nf3 e6 3. c4 Bb4+ 4. Nbd2 Nc6 5. g3 Qe7 6. Bg2 d6 7. 0-0 Bxd2 8. Bxd2 Ne4 9. b4 Nxd2 10. Qxd2 0-0 11. e4 e5 12. b5 Nxd4 13. Nxd4 exd4 14. Qxd4 Qe5 15. Qe3 Bd7 16. Rad1 Rfe8 17. f4 Qe7 18. Rd2 a6 19. b6 Bc6 20. f5 f6 21. Rf4 cxb6 22. Qxb6 Qe5 23. Qb3 Rad8 24. Rh4 Qc5+ 25. Kh1 Re5 26. h3 Rde8 27. Qd3 Rxf5 28. Kh2 Rfe5 29. Rg4 g5 30. Qf1 Rf8 31. Rd5 Bxd5 32. exd5 Qe3 33. c5 Qxc5 34. h4 h5 35. Qd3 Kg7 36. Rc4 Qe3 37. Rc7+ Rf7 38. Rxf7+ Kxf7 39. Qh7+ Kf8 40. Qxh5 Kg7 41. Qg4 f5 42. Qb4 gxh4 43. gxh4 f4 44. Qxb7+ Kh6 45. Qb3 Qxb3 46. axb3 Kh5 47. b4 Kxh4 48. Bf1 Rxd5 49. Bxa6 Rd2+ 50. Kg1 Kg3 51. Kf1 f3 52. Ke1 Rb2 53. Bd3 Rxb4 0-1

[Event "Cochabamba op 6th"]
[Site "Cochabamba"]
[Date "2023.03.04"]
[Round "5"]
[White "Barros Jardi Arce, Sarai"]
[Black "Montevilla Cahuasa, Jonathan Isaac"]
[Result "0-1"]
[WhiteElo "1149"]
[BlackElo "1807"]
[PlyCount "66"]
[EventDate "2023.03.02"]
[EventType "swiss"]
[EventRounds "7"]
[EventCountry "BOL"]
[SourceTitle "CBM 213 Extra"]
[Source "ChessBase"]
[SourceDate "2023.05.31"]
[SourceVersion "1"]
[SourceVersionDate "2023.05.31"]
[SourceQuality "1"]

1. d4 Nf6 2. Bf4 c5 3. e3 Nd5 4. Bg3 Qb6 5. b3 cxd4 6. exd4 g6 7. c3 Bg7 8. Nf3 0-0 9. Bc4 Nf6 10. Nbd2 d6 11. 0-0 Bg4 12. h3 Bf5 13. Re1 Qd8 14. Qe2 Re8 15. Ng5 d5 16. Bd3 Bxd3 17. Qxd3 Nc6 18. Ngf3 Rc8 19. Ne5 Qa5 20. Rec1 Nh5 21. Bh2 Red8 22. Ndf3 Nf6 23. Nxc6 Rxc6 24. Ne5 Rcc8 25. f3 Nd7 26. Nxd7 Rxd7 27. Bf4 e6 28. Rc2 a6 29. a4 Qb6 30. Rb1 e5 31. Bg3 exd4 32. Bf2 Rdc7 33. Rbb2 Rxc3 0-1

[Event "Cochabamba op 6th"]
[Site "Cochabamba"]
[Date "2023.03.04"]
[Round "6"]
[White "Montevilla Cahuasa, Jonathan Isaac"]
[Black "Campero, Ronald"]
[Result "0-1"]
[WhiteElo "1807"]
[BlackElo "2082"]
[PlyCount "98"]
[EventDate "2023.03.02"]
[EventType "swiss"]
[EventRounds "7"]
[EventCountry "BOL"]
[SourceTitle "CBM 213 Extra"]
[Source "ChessBase"]
[SourceDate "2023.05.31"]
[SourceVersion "1"]
[SourceVersionDate "2023.05.31"]
[SourceQuality "1"]

1. d4 Nf6 2. Nf3 g6 3. g3 Bg7 4. Bg2 0-0 5. 0-0 d6 6. c4 Ne4 7. Nbd2 Nxd2 8. Bxd2 e5 9. dxe5 dxe5 10. e4 Nc6 11. Bg5 Qxd1 12. Raxd1 f6 13. Be3 Be6 14. b3 Rfd8 15. Nh4 a5 16. f4 a4 17. f5 Bf7 18. Rxd8+ Rxd8 19. Kf2 g5 20. Nf3 Bf8 21. Ke2 a3 22. Bd2 g4 23. Ne1 Nd4+ 24. Kd1 b5 25. cxb5 Nxb3 26. axb3 a2 27. Nc2 Bxb3 28. Ke2 Bxc2 29. Ra1 Bb1 30. Bc3 Rb8 31. Kd2 Rxb5 32. Bf1 Bh6+ 33. Ke1 Rc5 34. Bd2 Bxd2+ 35. Kxd2 Rc2+ 36. Ke3 Rxh2 37. Bc4+ Kg7 38. Bb3 h5 39. Bc4 Rg2 40. Bd5 Rxg3+ 41. Kf2 Ra3 42. Kg2 Kh6 43. Kh2 Kg5 44. Bf7 h4 45. Kg1 h3 46. Bxa2 Bxa2 47. Rc1 Ra7 48. Rc6 g3 49. Kh1 Bb1 0-1

[Event "Cochabamba op 6th"]
[Site "Cochabamba"]
[Date "2023.03.02"]
[Round "2"]
[White "Kilibarda Acebey, Veroska Isabela"]
[Black "Montevilla Cahuasa, Jonathan Isaac"]
[Result "0-1"]
[WhiteElo "1391"]
[BlackElo "1807"]
[PlyCount "72"]
[EventDate "2023.03.02"]
[EventType "swiss"]
[EventRounds "7"]
[EventCountry "BOL"]
[SourceTitle "CBM 213 Extra"]
[Source "ChessBase"]
[SourceDate "2023.05.31"]
[SourceVersion "1"]
[SourceVersionDate "2023.05.31"]
[SourceQuality "1"]

1. e4 c5 2. Nf3 g6 3. c3 Bg7 4. Bc4 e6 5. d4 cxd4 6. cxd4 d5 7. exd5 exd5 8. Be2 Ne7 9. Nc3 0-0 10. 0-0 Nbc6 11. Bf4 Nf5 12. Nb5 a6 13. Nc3 Ncxd4 14. Nxd4 Nxd4 15. Bf3 Be6 16. Rc1 Rc8 17. Re1 b5 18. a3 Qf6 19. Bg3 Nxf3+ 20. gxf3 Rfd8 21. Nxd5 Qg5 22. Rxc8 Bxc8 23. Qb3 Be6 24. Rxe6 fxe6 25. Nc7 Qc1+ 26. Kg2 Qc4 27. Qe3 Rd1 28. Kh3 Qf1+ 29. Kg4 h5+ 30. Kg5 Kh7 31. Qxe6 Qd3 32. Be5 Qd8+ 33. Kf4 Qh4+ 34. Ke3 Re1+ 35. Kd3 Rxe5 36. Qf7 Qd8+ 0-1

[Event "La Paz Casa Argentina op"]
[Site "La Paz"]
[Date "2022.06.17"]
[Round "3"]
[White "Montevilla Cahuasa, Jonathan Isaac"]
[Black "Parraga, Alejandro"]
[Result "0-1"]
[WhiteElo "1691"]
[BlackElo "2096"]
[PlyCount "58"]
[EventDate "2022.06.16"]
[EventType "swiss"]
[EventRounds "7"]
[EventCountry "BOL"]
[SourceTitle "EXT 2023"]
[Source "ChessBase"]
[SourceDate "2022.10.05"]
[SourceVersion "1"]
[SourceVersionDate "2022.10.05"]
[SourceQuality "1"]

1. e4 e6 2. d4 d5 3. Nc3 Nf6 4. e5 Nfd7 5. f4 c5 6. Nf3 Nc6 7. Be3 a6 8. Qd2 b5 9. dxc5 Bxc5 10. Bxc5 Nxc5 11. Nd4 Qb6 12. Nxc6 Qxc6 13. a3 0-0 14. 0-0-0 Rb8 15. f5 exf5 16. Nxd5 Nb3+ 17. Kb1 Nxd2+ 18. Rxd2 Re8 19. Be2 Be6 20. Nb4 Qb6 21. Rhd1 Rbd8 22. Nd3 a5 23. Bf3 b4 24. a4 b3 25. c3 Bc4 26. Nc1 Rxd2 27. Rxd2 Rd8 28. Rd1 Rxd1 29. Bxd1 Qg1 0-1

[Event "South America-ch U12 17th"]
[Site "Guayaquil"]
[Date "2022.01.29"]
[Round "7"]
[White "Montevilla Cahuasa, Jonathan Isaac"]
[Black "Mancheno Barahona, Matias Gabriel"]
[Result "1-0"]
[WhiteElo "1697"]
[BlackElo "1310"]
[PlyCount "51"]
[EventDate "2022.01.25"]
[EventType "swiss"]
[EventRounds "9"]
[EventCountry "ECU"]
[SourceTitle "CBM 206 Extra"]
[Source "ChessBase"]
[SourceDate "2022.03.31"]
[SourceVersion "1"]
[SourceVersionDate "2022.03.31"]
[SourceQuality "1"]

1. e4 g6 2. d4 c5 3. dxc5 Qa5+ 4. Nc3 Qxc5 5. Be3 Qa5 6. Nf3 Bg7 7. Bd2 Nc6 8. Bc4 Nf6 9. Nd5 Qc5 10. Qe2 Nxd5 11. exd5 Nb4 12. 0-0-0 0-0 13. Be3 Qa5 14. a3 Na6 15. Bd4 Bh6+ 16. Kb1 b5 17. Bb3 Bg7 18. Qxe7 b4 19. Bxg7 Kxg7 20. h4 Qc5 21. d6 h5 22. Ne5 Bb7 23. Bxf7 Kh6 24. Qg5+ Kg7 25. Qxg6+ Kh8 26. Qh6# 1-0

[Event "La Paz Tricolor op"]
[Site "La Paz"]
[Date "2021.08.06"]
[Round "1"]
[White "Montevilla Cahuasa, Jonathan Isaac"]
[Black "Vera Sanchez, Pavel Genaro"]
[Result "0-1"]
[WhiteElo "1433"]
[BlackElo "2057"]
[PlyCount "48"]
[EventDate "2021.08.06"]
[EventType "swiss"]
[EventRounds "6"]
[EventCountry "BOL"]
[SourceTitle "EXT 2022"]
[Source "ChessBase"]
[SourceDate "2021.10.06"]
[SourceVersion "1"]
[SourceVersionDate "2021.10.06"]
[SourceQuality "1"]

1. e4 c5 2. Nf3 Nc6 3. d4 cxd4 4. Nxd4 Nf6 5. Nc3 d6 6. f3 e5 7. Ndb5 a6 8. Na3 b5 9. Nd5 Be7 10. c4 0-0 11. cxb5 Nd4 12. Be3 Nxd5 13. Bxd4 exd4 14. exd5 Re8 15. Be2 Bh4+ 16. g3 Bh3 17. Qxd4 Bf6 18. Qd2 Bg5 19. Qd3 Re3 20. Qd1 Qa5+ 21. Kf2 Rae8 22. Re1 Qb6 23. g4 Bh4+ 24. Kg1 Rxe2+ 0-1